L'Autisme : De la recherche à la pratique (notice n° 1512474)
[ vue normale ]
| 000 -LEADER | |
|---|---|
| fixed length control field | 01451cam a2200241 4500500 |
| 005 - DATE AND TIME OF LATEST TRANSACTION | |
| control field | 20251012001324.0 |
| 041 ## - LANGUAGE CODE | |
| Language code of text/sound track or separate title | fre |
| 042 ## - AUTHENTICATION CODE | |
| Authentication code | dc |
| 100 10 - MAIN ENTRY--PERSONAL NAME | |
| Personal name | Berthoz, Alain |
| Relator term | author |
| 245 00 - TITLE STATEMENT | |
| Title | L'Autisme : De la recherche à la pratique |
| 260 ## - PUBLICATION, DISTRIBUTION, ETC. | |
| Name of publisher, distributor, etc. | Odile Jacob,<br/> |
| Date of publication, distribution, etc. | 2005.<br/> |
| 520 ## - SUMMARY, ETC. | |
| Summary, etc. | L'autisme touche des dizaines de milliers de personnes en France. Ce livre témoigne des progrès accomplis dans la compréhension des aspects génétiques, neurologiques et cognitifs de cette maladie, et des handicaps qu'elle entraîne. La grande diversité de ses symptômes, notamment les troubles de la communication et de la socialisation, rend difficiles son diagnostic et son traitement. Se pose également le problème de la prise en charge des enfants et du soutien de leur famille dans une société mal préparée à les accueillir. Cet ouvrage de référence, à l'initiative de l'Arapi, est écrit par les meilleurs spécialistes français et internationaux. |
| 700 10 - ADDED ENTRY--PERSONAL NAME | |
| Personal name | Berthoz, Alain |
| Relator term | author |
| 700 10 - ADDED ENTRY--PERSONAL NAME | |
| Personal name | Andres, Christian |
| Relator term | author |
| 700 10 - ADDED ENTRY--PERSONAL NAME | |
| Personal name | Barthélémy, Catherine |
| Relator term | author |
| 700 10 - ADDED ENTRY--PERSONAL NAME | |
| Personal name | Andres, Christian |
| Relator term | author |
| 700 10 - ADDED ENTRY--PERSONAL NAME | |
| Personal name | Massion, Jean |
| Relator term | author |
| 700 10 - ADDED ENTRY--PERSONAL NAME | |
| Personal name | Barthélémy, Catherine |
| Relator term | author |
| 700 10 - ADDED ENTRY--PERSONAL NAME | |
| Personal name | Rogé, Bernadette |
| Relator term | author |
| 700 10 - ADDED ENTRY--PERSONAL NAME | |
| Personal name | Massion, Jean |
| Relator term | author |
| 700 10 - ADDED ENTRY--PERSONAL NAME | |
| Personal name | Rogé, Bernadette |
| Relator term | author |
| 856 41 - ELECTRONIC LOCATION AND ACCESS | |
| Uniform Resource Identifier | <a href="https://shs.cairn.info/l-autisme--9782738116161?lang=fr&redirect-ssocas=7080">https://shs.cairn.info/l-autisme--9782738116161?lang=fr&redirect-ssocas=7080</a> |
Pas d'exemplaire disponible.




Réseaux sociaux